1066 1126 1932 1014 1390 1096 1830 1432 1183 1629 1270 1606 1068 1004 1951 1225 1459 1941 1505 1454 1572 1878 1141 1367 1015 1331 1042 1925 1846 1932 1901 1813 1509 1751 1708 1909 1757 1682 1095 1222 1044 1396 1490 1197 1250 1131 1285 1511 1697 1808 1468 1685 1502 1121 1415 1708 1899 1546 1425 1724 1872 1827 1800 1952 1600 1901 1475 1291 1952 1573 1758 1827 1385 1043 1115 1485 1623 1144 1649 1919 1856 1315 1405 1306 1019 1724 1160 1433 1923 1355 1244 1025 1151 1289 1267 1048 1026 1452 1971 BCNSPRNW ULIB Ver.6.0+V

เปลี่ยนเป็นภาษาไทย

Change to English
 แสดงรายละเอียดบรรณานุกรม
  กลับหน้าหลัก

Brief Record : Get Marc (ISO 2709) : E-mail record : QR code < ปิดหน้าต่าง
LEADER : 00000nam 2200000uu 4500
001    13399120074
003     ULIB
008    120828s2553||||th 000 0 tha d
020    ^a9786161104856
060  4 ^aWY163^bพ172ก
100 0  ^aพจนา ปิยะปกรณ์ชัย
245 10 ^aการพยาบาลผู้ป่วยที่ได้รับการบำบัดด้วยออกซิเจนและเครื่องช่วยหายใจ /^cพจนา ปิยะปกรณ์ชัย
250    ^aพิมพ์ครั้งที่ 1.
260    ^aนนทบุรี :^bโครงการสวัสดิการวิชาการ สถาบันพระบรมราชชนก,^c2553.
300    ^a149 หน้า :^bภาพประกอบ
650  7 ^aทางเดินหายใจ^xโรค^xการพยาบาล
650  7 ^aปอด^xโรค^xการพยาบาล
650  7 ^aออกซิเจน
650  7 ^aทางเดินอากาศหายใจ^xการพยาบาล
650  7 ^aเครื่องช่วยหายใจ
650  7 ^aทางเดินอากาศหายใจ, โรค^xการรักษา
710 2  ^aสถาบันพระบรมราชชนก.^bโครงการสวัสดิการวิชาการ
945    ^p220^l0^i032641
945    ^p220^l0^i032642
945    ^p220^l0^i032643
945    ^p220^l0^i032644
945    ^p220^l0^i032645
945    ^p220^l0^i032646
945    ^p220^l0^i032647
945    ^p220^l0^i034371
995    ^aทศพร
999    ^aทศพร
รายการนี้ยังไม่มีแท็ก
คุณยังไม่ได้ล็อกอิน คุณสามารถมีกิจกรรมร่วมกับเว็บไซต์ได้ แต่ต้องล็อกอินก่อน ::
  ล็อกอิน

รายการสื่อสารสนเทศ

ลำดับที่ ประเภท เลขเรียก/บาร์โค้ด สถานที่ สถานะ
1. วิทยาศาสตร์การแพทย์ และสุขภาพ
หนังสือสำรอง
สถานะ=หนังสือสำรอง
WY163 พ172ก ฉ.1 
  Barcode: 032641
ห้องสมุดวิทยาเขตสวรรค์ประชารักษ์
►ส่วนจัดเก็บหนังสือเก่า สปร
บนชั้น
  ขอยืม
2. วิทยาศาสตร์การแพทย์ และสุขภาพ
วิทยาศาสตร์การแพทย์ และสุขภาพ
WY163 พ172ก ฉ.3 
  Barcode: 032643
ห้องสมุดวิทยาเขตสวรรค์ประชารักษ์
►ส่วนจัดเก็บหนังสือเก่า สปร
บนชั้น
  ขอยืม
3. วิทยาศาสตร์การแพทย์ และสุขภาพ
วิทยาศาสตร์การแพทย์ และสุขภาพ
WY163 พ172ก ฉ.4 
  Barcode: 032644
ห้องสมุดวิทยาเขตสวรรค์ประชารักษ์
►ส่วนจัดเก็บหนังสือเก่า สปร
บนชั้น
  ขอยืม
4. วิทยาศาสตร์การแพทย์ และสุขภาพ
วิทยาศาสตร์การแพทย์ และสุขภาพ
WY163 พ172ก ฉ.5 
  Barcode: 032645
ห้องสมุดวิทยาเขตสวรรค์ประชารักษ์
►ส่วนจัดเก็บหนังสือเก่า สปร
บนชั้น
  ขอยืม
5. วิทยาศาสตร์การแพทย์ และสุขภาพ
วิทยาศาสตร์การแพทย์ และสุขภาพ
WY163 พ172ก ฉ.6 
  Barcode: 032646
ห้องสมุดวิทยาเขตสวรรค์ประชารักษ์
►ส่วนจัดเก็บหนังสือเก่า สปร
บนชั้น
  ขอยืม
6. วิทยาศาสตร์การแพทย์ และสุขภาพ
วิทยาศาสตร์การแพทย์ และสุขภาพ
WY163 พ172ก ฉ.7 
  Barcode: 032647
ห้องสมุดวิทยาเขตสวรรค์ประชารักษ์
►ส่วนจัดเก็บหนังสือเก่า สปร
บนชั้น
  ขอยืม
7. Book การพยาบาล
Book การพยาบาล
WY163 พ172ก ฉ.8 
  Barcode: 034371
ห้องสมุดวิทยาเขตสวรรค์ประชารักษ์
►ส่วนจัดเก็บหนังสือเก่า สปร
บนชั้น
  ขอยืม
Note:อภินันทนาการ จาก โครงการสวัสดิการวิชาการ สบช.

รายการใกล้เคียง
    ผู้แต่ง [พจนา ปิยะปกรณ์ชัย]

    หัวเรื่อง [ออกซิเจน]
    หัวเรื่อง [เครื่องช่วยหายใจ]

BibComment


ยังไม่เคยถูกคอมเมนท์

คอมเมนท์ทรัพยากรรายการนี้
  คอมเมนท์: การพยาบาลผู้ป่วย..


 Copyright 2026. Bcnsprnw @Library